| 000 | 00834nam a2200253 i 4500 | ||
|---|---|---|---|
| 003 | EG-GICUC | ||
| 005 | 20260414114653.0 | ||
| 008 | 260414s1952 fr fr|||| 000 0 fre d | ||
| 040 |
_aEG-GiCUC _bfre _cEG-GiCUC _dEG-GiCUC _eRda |
||
| 082 | 0 | 4 |
_221 _a341.71 _bCH |
| 092 | 0 | 4 | _221 |
| 099 | _aLaw 11 341.71 CH 1952 | ||
| 245 | 0 | 0 |
_aChronique De Politique Étrangère. _nVolume V - numero 5/6 , _pSeptembre Novembre 1952. |
| 264 | 3 |
_aParis : _bPresses Universitaires De France, _c1952. |
|
| 300 |
_a878 page, _c 24 cm. |
||
| 336 |
_2rda contenu _a texte |
||
| 337 |
_2rda medias _aOrdinateur |
||
| 338 |
_2 transporteur rda _a Ressource en ligne |
||
| 546 | _aTexte en français | ||
| 650 | 1 | 4 | _aDroit international public |
| 856 | 4 | 0 | _uhttps://fll.law.cu.edu.eg/fulltext/bks/B11-08422.pdf |
| 905 | _a48 | ||
| 942 |
_2ddc _cBK _e21 _n0 |
||
| 999 |
_c70845 _d70845 |
||